| 000 | 01353nam a2200325 i 4500 | ||
|---|---|---|---|
| 003 | CSPC | ||
| 005 | 20250124162731.0 | ||
| 008 | 250123s2020 nyua b 001 0 eng d | ||
| 020 | _a9781984625373 | ||
| 040 |
_cCSPC _aCSPC _beng _erda |
||
| 082 | 0 | 4 |
_223 _a303.4834 _bL761 |
| 245 | 0 | 0 | _aLiving in the IT era. |
| 264 | 1 |
_aNew York : _b3G E-Learning, _c2020. |
|
| 300 |
_av, 224 pages : _bcolor illustrations ; _c30 cm. |
||
| 336 |
_atext _2rdacontent |
||
| 337 |
_aunmediated _2rdamedia |
||
| 338 |
_avolume _2rdacrrier |
||
| 504 | _aIncludes bibliographical references and index. | ||
| 505 | 0 | _aInformation technology in everyday life -- Information technology in education -- Information technology in business -- Electronic information sources -- Cyberspace privacy and security -- Media and society in the digital age -- Living and learning in the digital age. | |
| 650 | 0 | _aInformation technology. | |
| 650 | 0 | _aTechnology and society. | |
| 650 | 0 |
_aInformation technology _xSocial aspects. |
|
| 650 | 0 | _aDigital divide. | |
| 650 | 0 | _aComputers and civilization. | |
| 650 | 0 |
_aInternet _xSocial aspects. |
|
| 650 | 0 | _aTechnological innovations. | |
| 710 | 1 | _a3G E-Learning. | |
| 942 |
_2ddc _n0 _cBK _e23 _h303.4834 _iL761 _kCIR _m2020 |
||
| 999 |
_c28681 _d28681 |
||